Fr. Conceicao Rodrigues College of Engineering

Quantitative Analysis (Record no. 18933)

MARC details
000 -LEADER
fixed length control field 00288nam a2200133Ia 4500
082 ## - DEWEY DECIMAL CLASSIFICATION NUMBER
Classification number 545
Item number NAD
100 ## - MAIN ENTRY--PERSONAL NAME
Personal name Nadkarny/V.V
245 ## - TITLE STATEMENT
Title Quantitative Analysis
260 ## - PUBLICATION, DISTRIBUTION, ETC.
Name of publisher, distributor, etc. Popular Prakashan
Place of publication, distribution, etc. Mumbai
Date of publication, distribution, etc. 1970
300 ## - PHYSICAL DESCRIPTION
Extent 224
546 ## - LANGUAGE NOTE
Language note ENGLISH
654 ## - SUBJECT ADDED ENTRY--FACETED TOPICAL TERMS
Focus term Quantitative
942 ## - ADDED ENTRY ELEMENTS (KOHA)
Koha item type BOOK
Holdings
Withdrawn status Lost status Damaged status Not for loan Collection Home library Current library Date acquired Cost, normal purchase price Total Checkouts Full call number Barcode Date last seen Cost, replacement price Price effective from Koha item type
        CRC Fr. Agnel's C.Rodrigues College of Engineering Fr. Agnel's C.Rodrigues College of Engineering 17/03/2023 6.50   545 NAD 145 17/03/2023 6.50 17/03/2023 BOOK